[Event "American Continental-ch 2018"]
[Site "Montevideo"]
[Date "2018.06.09"]
[Round "10"]
[White "Roselli Mailhe, Bernardo"]
[Black "Liang, Awonder"]
[Result "0-1"]
[WhiteElo "2433"]
[BlackElo "2571"]
[Annotator "TA"]
[PlyCount "56"]
[EventDate "2018.??.??"]
[EventType "swiss"]
[EventCountry "URU"]
[SourceTitle "playchess.com"]
[Source "ChessBase"]
[SourceQuality "1"]

{[%evp 13,56,-34,-20,-26,-19,-27,-21,-145,-132,-179,-172,-167,-179,-439,-453,-465,-462,-450,-458,-409,-410,-452,-457,-450,-420,-444,-429,-464,-429,-451,-428,-407,-381,-719,-675,-693,-697,-1471,-1474,-969,-969,-1443,-1445,-29992,-29991]} 1. d4 Nf6 2. c4 g6 3. Nc3 d5 4. Bf4 Bg7 5. Nf3 O-O 6. Rc1 Be6 {D92: Grünfeld: 4 Nf3 Bg7 5 Bf4} 7. Ng5 c5 {[%cal Bc7c5,Bc5d4][%mdl 32] LiveBook: 11 Games. Threatening ...cxd4.} 8. e3 $146 ({Predecessor:} 8. dxc5 d4 9. Nb5 Nc6 10. Nc7 Bf5 11. Nxa8 e5 12. Bd2 e4 13. e3 h6 14. Nh3 Bxh3 15. gxh3 {½-½ (31) Grischuk,A (2761)-Caruana,F (2770) Moscow 2012}) 8... Bg4 {Black has an edge.} 9. f3 cxd4 10. Nxd5 (10. exd4 $11 Bc8 11. cxd5) 10... e5 $1 $17 {[%cal Re5f4]} 11. Bxe5 Nxd5 {[%cal Bf6d5,Bd5f4,Bf4g2,Bg2e3][%mdl 32]} 12. Bxg7 Qxg5 13. Bxf8 $2 (13. Qxd4 Nc6 14. h4) 13... Qxe3+ $19 14. Be2 Nf4 15. fxg4 {[#] Strongly threatening Bh6.} Kxf8 16. Qd2 Nxg2+ 17. Kd1 Qe4 {Hoping for ...Ne3+.} 18. Qd3 {[#]} Ne3+ $1 19. Kd2 Qf4 20. Rcg1 Na6 {[%cal Bb8a6,Ba6c5,Bc5e4,Be4d2][%mdl 32]} 21. Kc1 Nc5 22. Qd2 Ne4 23. Qb4+ $2 (23. Rf1 Qxf1+ 24. Bxf1 Nxd2 25. Kxd2) 23... Kg8 24. Kb1 a5 25. Qe7 Nd2+ 26. Kc1 Ndxc4 27. Qxb7 Rb8 28. Qf3 Qc7 {Precision: White = 30%, Black = 94%.} 0-1

[Event "American Continental-ch 2018"]
[Site "Montevideo"]
[Date "2018.06.09"]
[Round "10"]
[White "Escalante Ramirez, Brian Sebasti"]
[Black "Erenburg, Sergey"]
[Result "1-0"]
[WhiteElo "2422"]
[BlackElo "2563"]
[Annotator "TA"]
[PlyCount "69"]
[EventDate "2018.??.??"]
[EventType "swiss"]
[EventCountry "URU"]
[SourceTitle "playchess.com"]
[Source "ChessBase"]
[SourceQuality "1"]

{[%evp 21,69,14,21,21,13,10,18,0,15,12,8,0,29,13,20,11,47,49,47,38,64,73,97,90,112,95,106,111,90,95,119,116,113,118,230,224,231,205,791,793,741,726,1052,1031,1026,1045,1042,1040,29995,29996]} 1. e4 c6 2. d4 d5 3. e5 Bf5 4. h4 h5 5. Bd3 Bxd3 6. Qxd3 e6 7. Bg5 {B12: Caro-Kann: Advance Variation} Be7 8. Nf3 Nh6 9. Nc3 Nf5 (9... Nd7 10. Ne2 c5 11. Nf4 cxd4 12. Nxh5 Qa5+ 13. Bd2 Qb6 14. Nxg7+ Kf8 {0-1 (41) Saric,I (2664)-Le,Q (2737) chess.com INT 2018}) 10. Ne2 c5 11. dxc5 Qa5+ {LiveBook: 4 Games} 12. c3 Qxc5 13. O-O {[#]} Nc6 $146 ({Predecessor:} 13... Bxg5 14. hxg5 g6 {1-0 (37) Sevian,S (2585)-Hernandez Carmenates,H (2510) Chicago 2017}) 14. b4 (14. Bxe7 {seems wilder.} Ncxe7 15. Rfd1 Qc7 16. Ned4 O-O 17. Qe2) 14... Qc4 15. Qxc4 dxc4 16. b5 Na5 17. Ned4 Nxd4 18. Nxd4 Ba3 19. Rab1 $36 {[%mdl 2048] White has the initiative.} O-O 20. Rfd1 Bc5 21. Ne2 f6 22. exf6 gxf6 23. Be3 Bxe3 24. fxe3 Rad8 25. Nf4 Kf7 26. Nxh5 Rd3 27. Nf4 Rxe3 (27... Rdd8 $16 {might work better.}) 28. Rd7+ $18 Kg8 29. Rbd1 {Rc7 is the strong threat.} Rxc3 $2 {[#]} (29... e5) 30. Rc7 ({Less strong is} 30. Nxe6 Re8 $16) 30... Rg3 31. Rdd7 e5 32. Ne6 Rb8 33. Ng7 {[#] White threatens Nf5 and mate.} Rg6 34. Nf5 {h5 would kill now.} Kf8 35. h5 {Precision: White = 88%, Black = 27%.} 1-0

[Event "American Continental-ch 2018"]
[Site "Montevideo"]
[Date "2018.06.09"]
[Round "10"]
[White "Pierrot, Facundo"]
[Black "Kapitanchuk, Tomas"]
[Result "1-0"]
[WhiteElo "2392"]
[BlackElo "2253"]
[Annotator "TA"]
[PlyCount "105"]
[EventDate "2018.??.??"]
[EventType "swiss"]
[EventCountry "URU"]
[SourceTitle "playchess.com"]
[Source "ChessBase"]
[SourceQuality "1"]

{[%evp 23,105,1,0,-6,0,-8,8,0,0,0,0,0,0,0,0,0,0,0,0,0,0,0,0,0,0,0,0,0,0,0,0,0,0,0,0,0,0,0,0,0,0,0,0,0,0,0,0,0,0,0,0,0,0,0,0,0,0,0,0,0,0,0,72,76,50,50,87,70,137,114,282,260,235,228,209,226,378,378,790,673,6817,5916,12837,12832]} 1. d4 Nf6 2. Nf3 e6 3. Bf4 d5 4. e3 Bd6 5. Bd3 O-O 6. O-O b6 7. Nbd2 Bb7 8. c3 c5 9. Bxd6 Qxd6 10. Ne5 Nbd7 11. f4 Ne4 12. Nxd7 Qxd7 13. Nf3 {D03: 1 d4 d5 2 Nf3 Nf6 3 Bg5, including Torre Attack with early ...d5} (13. Bxe4 dxe4 14. dxc5 Rfd8 15. Nb3 Qe7 16. Qe2 bxc5 17. Rfd1 Bd5 18. c4 Bb7 19. Rxd8+ Rxd8 20. Rd1 Rxd1+ 21. Qxd1 {½-½ (39) Stillger,B (2263)-Buckels,V (2234) Germany 2015}) 13... f6 14. Qc2 Qc6 15. Nd2 $146 {The position is equal.} ({Predecessor:} 15. Qe2 Qe8 16. Rad1 Nd6 17. Qc2 Qh5 18. Be2 Qh6 19. Rde1 Bc6 20. Bd3 Be8 21. dxc5 bxc5 {½-½ (47) Lomonos,W (2000)-Dobek,S (1800) Rabka 2000}) 15... a5 16. a4 Nxd2 17. Qxd2 Ba6 18. Bxa6 Rxa6 19. b4 axb4 20. cxb4 Rxa4 21. Rxa4 Qxa4 22. dxc5 bxc5 23. bxc5 $11 {[%mdl 4096] Endgame KQR-KQR} Rc8 24. Rc1 Qc6 25. Qb2 Re8 26. Qb6 Rc8 {Strongly threatening ...Qxb6.} 27. Qb3 Rc7 28. h3 Rb7 29. Qc3 Rc7 30. Kh2 Rc8 31. Qb2 Rc7 32. h4 Rc8 33. Kg1 Re8 34. Qb3 Kf8 35. Qb6 Rc8 {...Qxb6 is the strong threat.} 36. Qb1 Kg8 37. h5 h6 38. Qg6 Qb5 39. Qc2 Qc6 40. Qb3 Re8 41. Kf2 Ra8 42. Kg1 Kh8 (42... Rc8 $11) 43. Qb6 $16 Rc8 44. Qxc6 Rxc6 $14 {KR-KR} 45. Kf2 Kg8 {[#]} (45... g6 $14) 46. Kf3 $1 $16 f5 $2 {[#]} (46... Kf7 $16) 47. Ke2 $1 $18 {[%cal Re2d3]} Kf7 48. Kd3 Ke7 49. Kd4 Ra6 $2 (49... Rc7 50. Ke5 Ra7) 50. c6 {Hoping for c7.} Ra4+ $2 (50... Kd8 51. Ke5 Kc7) 51. Kc5 {White is clearly winning.} Ra3 52. c7 Kd7 {[#]} 53. c8=Q+ $1 {[%mdl 512] Precision: White = 87%, Black = 47%.} 1-0

[Event "American Continental-ch 2018"]
[Site "Montevideo"]
[Date "2018.06.09"]
[Round "10"]
[White "Soto Vega, Jorge"]
[Black "Vergara Jofre, Felipe"]
[Result "1-0"]
[WhiteElo "2357"]
[BlackElo "2245"]
[Annotator "TA"]
[PlyCount "85"]
[EventDate "2018.??.??"]
[EventType "swiss"]
[EventCountry "URU"]
[SourceTitle "playchess.com"]
[Source "ChessBase"]
[SourceQuality "1"]

{[%evp 9,85,-38,-36,-36,-36,-59,-44,-53,-50,-48,-45,-49,-37,-43,-40,-44,0,-38,-34,-34,-45,-64,-26,-20,-18,-32,-14,-72,-79,-70,-42,-70,-62,-64,-8,-21,81,79,66,38,37,18,41,15,52,44,86,41,116,115,82,98,79,81,127,134,134,129,134,138,149,105,134,127,191,155,187,193,269,238,562,572,569,560,630,629,999,635]} 1. d4 Nf6 2. Bg5 Ne4 3. Bf4 d5 4. f3 Nf6 5. Nd2 (5. Nc3 e6 6. e3 Bd6 7. Qd2 O-O 8. O-O-O c5 9. Nge2 Nc6 10. g4 a6 11. g5 Ne8 12. h4 b5 13. dxc5 Bxc5 {1-0 (40) Jobava,B (2701)-Tari,A (2596) chess.com INT 2017}) 5... c5 6. dxc5 {A45: Damenbauernspiele (Trompowski-Angriff)} Nc6 {Und weiter mit ...e5 wäre nett.} 7. Nb3 $146 ({Vorgänger:} 7. e3 e5 8. Bg5 Bxc5 9. Bb5 Qb6 10. Bxc6+ bxc6 11. Nb3 Bxe3 12. Bxe3 Qxe3+ {0-1 (34) Fodor,A (1835)-Szabolcsi,J (2363) Paks 2008}) 7... e5 8. Bg5 {[#]Schwarz steht etwas besser.} Bxc5 $1 {[%mdl 512]} 9. Nxc5 Qa5+ 10. Qd2 Qxc5 11. e3 Bf5 12. c3 h6 13. Bh4 (13. Bxf6 $5 gxf6 14. Ne2 $11) 13... O-O-O 14. Ne2 g5 15. Bf2 Qe7 16. Ng3 Bg6 17. Bb5 h5 18. Ne2 (18. Bxc6 $11 bxc6 19. h4) 18... h4 $17 19. h3 Qe6 20. Ba4 Kb8 21. b4 Nd7 (21... Ne8 $15) 22. Bb3 $1 $11 Nb6 (22... e4 $11 {hält das Gleichgewicht.} 23. Bxd5 Qf6 24. fxe4 Qe7) 23. e4 $1 $16 Nc4 24. exd5 Nxd2 25. dxe6 f6 26. Ba4 {Mit der Idee Lc5.} (26. b5 $5 {[%cal Rb5c6]} Ne7 27. O-O-O Nxb3+ 28. axb3 $14) 26... Rhe8 27. O-O-O Nc4 28. b5 N6a5 {[#]} (28... Ne7 $14) 29. b6 $1 $36 {[%cal Rb6a7][%mdl 2048] Weiss hat starke Initiative.} axb6 30. Bxe8 Rxe8 31. g3 hxg3 32. Nxg3 Rxe6 33. h4 gxh4 34. Rxh4 f5 35. Rh6 Kc7 36. Rg1 {Sh5 ist eine echte Drohung.} Rc6 {[#]} (36... Rd6 $16 37. Ne2 Be8 38. Rg7+ Kc6 39. Rxd6+ Nxd6) 37. f4 $1 {[%mdl 512] Und Se2 würde nun gewinnen.} exf4 38. Ne2 Ne5 (38... Be8 {ist eine bessere Verteidigung.} 39. Rh7+ Kb8 40. Nxf4 Rc8) 39. Nxf4 $18 Rxc3+ $2 (39... Kb8 {ist zäher.} 40. Bd4 Nf3 41. Rgxg6 Nxd4 42. Rh8+ Ka7 43. Rxc6 Ndxc6) 40. Kb1 {Weiß steht klar auf Gewinn.} Rf3 41. Bd4 Nec6 42. Ne6+ ({Weniger gut wäre} 42. Rgxg6 Rf1+ 43. Kb2 Rxf4 $16) (42. Rhxg6 Rxf4 43. Be3 Rb4+ 44. Kc1 f4 $16) ({Schwächer ist} 42. Nxg6 Nxd4 43. Ne5 Re3 $16) 42... Kd7 43. Rhxg6 {Precision: Weiß = 68%, Schwarz = 29%.} 1-0

[Event "American Continental-ch 2018"]
[Site "Montevideo"]
[Date "2018.06.09"]
[Round "10"]
[White "De Dovitiis, Alejo"]
[Black "Morovic Fernandez, Ivan"]
[Result "0-1"]
[WhiteElo "2343"]
[BlackElo "2513"]
[Annotator "TA"]
[PlyCount "70"]
[EventDate "2018.??.??"]
[EventType "swiss"]
[EventCountry "URU"]
[SourceTitle "playchess.com"]
[Source "ChessBase"]
[SourceQuality "1"]

{[%evp 30,70,47,30,69,43,28,0,132,128,147,95,100,109,93,96,100,109,135,112,207,178,199,56,74,14,18,0,95,46,62,-134,-175,-156,-153,-262,-267,-519,-526,-1395,-1310,-1313,-1289]} 1. e4 c5 2. Nf3 d6 3. d4 cxd4 4. Nxd4 Nf6 5. Nc3 Nc6 6. Bg5 e6 7. Qd2 h6 8. Bxf6 gxf6 9. O-O-O a6 10. f4 Bd7 11. Be2 h5 12. Kb1 Qb6 13. Nb3 O-O-O 14. Rhf1 {B63: Sizilianisch (Richter/Rauser-Angriff)} (14. Bf3 h4 15. Rhe1 Kb8 16. a3 Be8 17. Ne2 Rc8 18. f5 Ne5 19. Ned4 Bd7 20. Qe2 Bh6 21. Bh5 Bf4 {0-1 (71) Li,C (2720)-Adly,A (2599) Doha 2016}) 14... Kb8 15. Rf3 h4 16. Qe1 {LiveBook: 3 Partien. Weiß steht etwas besser.} Bc8 $146 ({Vorgänger:} 16... Ne7 17. Rfd3 Bc8 18. Qd2 f5 19. e5 d5 20. Na4 {1-0 (36) Golubka,P (2410)-Kalugin,S (2390) Belgorod 2011}) 17. Na4 Qb4 18. Nc3 {Und Dg1 würde nun gewinnen.} Be7 (18... Qb6 $1 $11 {bleibt in der Remisbreite.}) 19. Qg1 $16 Kc7 20. Nd5+ ({Bloß nicht} 20. a3 $6 Qb6 $14) (20. Nd4 $142) 20... exd5 21. exd5 {Und weiter mit Tc3 wäre nett.} Qb6 {zielt auf ...Dxg1 ab.} 22. Re3 $1 ({Viel schwächer wäre} 22. dxc6 Qxg1 23. Rxg1 bxc6 $11) 22... Rhe8 {Droht stark ...Lf8.} 23. dxc6 bxc6 24. Nd4 c5 (24... d5 $16) 25. Rb3 Qa5 26. Bf3 ({Finger weg von} 26. Nf3 $6 Be6 $14) (26. Rc3 $1 $18) 26... d5 $1 $14 27. Ra3 (27. Ne2 $16 d4 28. Qf2) 27... Qb6 $1 $11 28. Rb3 ({Lieber} 28. Ne2 $11 c4 29. Qxb6+ Kxb6 30. Re3) 28... Qa5 $1 $16 29. Rc3 c4 30. Ne6+ $2 (30. Qf1 $14 {behält die Oberhand.}) 30... Bxe6 $17 31. Qa7+ {[#]} Kc6 $1 {...Lc5 ist eine echte Drohung.} 32. Rxc4+ {[#]} (32. Rd4 $17 {ist eine bessere Verteidigung.} Rc8 33. Rdxc4+ Kd6 34. b4) 32... Bc5 $1 $19 33. a4 $2 (33. f5 Ra8 34. Rxc5+ Qxc5 35. Qxc5+ Kxc5 36. fxe6 fxe6 37. c3) 33... Rd7 {Schwarz steht klar auf Gewinn.} 34. Rxd5 Bxd5 35. Bxd5+ Kd6 {Precision: Weiß = 23%, Schwarz = 71%.} 0-1

[Event "American Continental-ch 2018"]
[Site "Montevideo"]
[Date "2018.06.09"]
[Round "10"]
[White "Cimer, Emanuel"]
[Black "Fernandez Cardoso, Alexey"]
[Result "1/2-1/2"]
[WhiteElo "2262"]
[BlackElo "2429"]
[Annotator "TA"]
[PlyCount "109"]
[EventDate "2018.??.??"]
[EventType "swiss"]
[EventCountry "URU"]
[SourceTitle "playchess.com"]
[Source "ChessBase"]
[SourceQuality "1"]

{[%evp 23,109,8,27,22,29,32,37,16,14,-14,18,0,0,0,0,0,47,47,48,72,72,59,82,85,76,54,81,73,89,82,97,31,166,178,171,175,171,124,173,168,177,169,172,159,137,-112,-112,-90,-110,-103,-94,-157,-150,-144,-66,-120,-41,-41,-41,-41,-41,-46,-23,-28,0,-47,0,-41,0,0,0,0,0,0,0,0,0,0,0,0,0,0,0,0,0,0,0,-3]} 1. e4 c5 2. Nf3 Nc6 3. Bb5 e6 4. O-O Nge7 5. Re1 a6 6. Bf1 d5 7. exd5 Nxd5 8. d4 Nf6 9. Be3 Be7 {B30: Sicilian: 2...Nc6 3 Bb5, lines without ...g6} (9... Nd5 10. Bg5 f6 11. c4 Nde7 12. d5 fxg5 13. dxc6 Qxd1 14. Rxd1 Nxc6 15. Nxg5 Nd4 16. Nc3 Be7 17. Nge4 {½-½ (63) Melkumyan,H (2654)-Lenic,L (2662) chess.com INT 2018}) 10. c4 O-O 11. Nc3 cxd4 12. Nxd4 Qc7 {LiveBook: 7 Games} 13. Nxc6 bxc6 14. g3 $146 ({Predecessor:} 14. c5 a5 15. Qf3 Ba6 16. Bxa6 Rxa6 17. Rad1 Raa8 18. b3 Rad8 19. Bf4 Rxd1 20. Rxd1 Qb7 21. Bd6 Nd5 22. Nxd5 exd5 {½-½ (22) Ljubicic,A (2484)-Felkel,S (2417) ICCF email 2015}) 14... e5 15. h3 Be6 16. b3 Nd7 17. Na4 f5 18. Bg2 e4 19. Bf4 Ne5 20. Bxe4 $1 fxe4 21. Rxe4 Bf6 22. Qe2 {[%cal Rf4e5]} Nf3+ 23. Qxf3 Bxa1 24. Rxe6 (24. Bxc7 $6 Rxf3 25. Rxe6 Bd4 $11) 24... Qf7 25. Qxc6 Bd4 26. Qe4 Rad8 27. Kg2 ({Avoid the trap} 27. Rxa6 $2 g5 $1 $19 {[%mdl 512]}) (27. h4 $16) 27... Qf5 (27... Bxf2 $14 28. Kxf2 g5) 28. Qxf5 $18 Rxf5 29. h4 ({Weaker is} 29. Rxa6 g5 $11) 29... a5 30. Nb6 Rf6 31. Rxf6 gxf6 {[%mdl 4096] Endgame KRB-KBN} 32. Nd5 Kf7 33. Bd2 a4 34. b4 $2 ({Don't play} 34. bxa4 $6 Rc8 $11) (34. Kf3 $16 {keeps the pressure on.}) 34... Rc8 $1 $17 {[%cal Rc8c4]} 35. c5 {Strongly threatening Nb6.} Rd8 36. Nb6 {And now Bf4 would win.} Bxc5 $1 37. Nxa4 (37. bxc5 $142 Rxd2 38. Nxa4) 37... Bxf2 $1 38. Bf4 {[#]} Bd4 (38... Ra8 $1 $17 {Threatens to win with ...Be1.} 39. Kxf2 Rxa4) 39. Nc5 {[#]} (39. Kf3 $15) 39... Ra8 (39... Rc8 $1 $17 40. Nd3 Rc3) 40. a4 $15 Bxc5 41. bxc5 Rxa4 {aiming for ...Rc4. KR-KB} 42. c6 $1 Rc4 43. c7 Ke6 {...Rc3 is the strong threat.} 44. Kf3 h5 45. Ke3 (45. g4 $5 {[%cal Rg4h5]} Rc3+ 46. Ke4 hxg4 47. h5 $11) 45... Kd5 46. Kd3 {The position is equal.} Rc6 47. Ke3 Rc3+ 48. Kd2 Rc4 49. Kd3 f5 50. Ke3 Re4+ 51. Kd3 Re8 52. Kc3 Kc6 53. Kd4 Re4+ 54. Kd3 Kd7 55. Kc3 {Precision: White = 58%, Black = 48%.} 1/2-1/2

[Event "American Continental-ch 2018"]
[Site "Montevideo"]
[Date "2018.06.09"]
[Round "10"]
[White "Betaneli, Alexander"]
[Black "Vazquez, Guillermo"]
[Result "0-1"]
[WhiteElo "2246"]
[BlackElo "2436"]
[Annotator "TA"]
[PlyCount "140"]
[EventDate "2018.??.??"]
[EventType "swiss"]
[EventCountry "URU"]
[SourceTitle "playchess.com"]
[Source "ChessBase"]
[SourceQuality "1"]

{[%evp 10,139,12,12,21,23,35,27,34,25,23,17,35,16,8,12,23,6,5,0,0,0,0,-1,0,-9,0,0,0,0,0,-15,0,-28,-26,-31,-30,-66,-75,-72,-64,-81,-84,-84,-82,-83,-92,-100,-70,-80,-65,-65,-64,-107,-70,-83,-24,-34,-25,-55,-62,-142,-134,-132,-134,-177,-83,-69,-52,-258,-258,-258,-258,-255,-258,-258,-258,-258,-258,-233,0,-248,-232,-258,-250,-250,-250,-250,-250,-350,-225,-335,-247,-583,-575,-535,-488,-29972,-1209,-29977,-29978,-29978,-29979,-29979,-29980,-29980,-29981,-29981,-29982,-29982,-29983,-29983,-29984,-29984,-29985,-29985,-29986,-29987,-29988,-29989,-29990,-29990,-29991,-29993,-29994,-29994,-29995,-29995,-29996,-29996,-29997,-29999]} 1. Nf3 d5 2. d4 Nf6 3. e3 e6 4. b3 c5 5. Bb2 cxd4 6. exd4 Bb4+ {D05: Colle System with ...e6} 7. c3 (7. Nbd2 O-O 8. a3 Be7 9. Bd3 b6 10. Qe2 a5 11. Ne5 Ba6 12. c4 a4 13. b4 dxc4 14. Ndxc4 {½-½ (60) Moiseenko,V (2547)-Kazakovskiy,V (2397) Moscow 2018}) 7... Bd6 8. Bd3 b6 $146 {White has an edge.} ({Predecessor:} 8... Nc6 9. O-O O-O 10. Qe2 Qc7 11. Nbd2 Re8 12. c4 e5 {½-½ (12) Slipak,S (2446)-Lujan,C (2360) La Plata 2009}) 9. Nbd2 Bb7 10. O-O Ne4 11. Qe2 {[%cal Rd2e4]} Nxd2 12. Qxd2 O-O 13. Rfe1 Nd7 14. Qe2 Rc8 15. Rad1 Qe7 16. Ne5 Nf6 17. Qe3 Rc7 18. Qh3 Rfc8 19. Re3 g6 20. f3 Nd7 21. Nxd7 (21. f4 {feels hotter.} Nf6 22. f5 gxf5 23. Qh6 Kh8 24. Rh3) 21... Qxd7 22. g3 Bc6 23. Rde1 Bb5 24. Bb1 a5 25. a4 Bc6 26. Bc1 b5 27. axb5 Bxb5 28. Bd2 a4 29. bxa4 Bxa4 30. Bd3 Bb5 31. f4 Bxd3 32. Rxd3 Qb5 (32... Ra7 $17 {Black wants to play ...Rb8.} 33. Rf3 Rb8) 33. g4 $11 Re8 34. f5 exf5 35. Rxe8+ ({Better is} 35. gxf5 $15 Rce7 36. Rf1) 35... Qxe8 $17 36. gxf5 Qe2 37. fxg6 fxg6 (37... hxg6 $19 {and Black stays clearly on top. White must now prevent ...Ra7.} 38. Bh6 Re7) 38. Rf3 {[#]} Bxh2+ $1 $40 {[%mdl 640] Black has some attack.} 39. Qxh2 $2 (39. Kh1 $1 $15 Bd6 40. Be3) 39... Qxf3 $19 40. Qxc7 Qd1+ 41. Kf2 Qxd2+ {[%mdl 4096] Endgame KQ-KQ} 42. Kg1 Qe1+ 43. Kh2 Qf2+ 44. Kh1 Qe1+ 45. Kh2 $1 Qe6 46. Qb7 h5 47. Qc7 Qf7 48. Qe5 Kh7 49. Kg3 Qf5 {And now ...Qxe5+ would win.} 50. Qe8 (50. Qc7+ {only move.} Kh6 51. Qd6) 50... Kg7 51. Qe7+ $2 (51. Qd8 {nothing else works.}) 51... Kh6 {...Qg5+ is the strong threat.} 52. Qe8 Qf6 53. Qd7 {[#]} (53. Kg2 $19 Qg5+ 54. Kf1 Qf5+ 55. Kg2) 53... h4+ (53... Qg5+ $142 54. Kh2 Qd2+ 55. Kg1 Qxc3 56. Qxd5 Qe3+ 57. Kf1 h4 58. Kg2 Qe2+ 59. Kh1 g5 60. Kg1 Qe1+ 61. Kg2 Qg3+ 62. Kh1 Qh3+ 63. Kg1 Qg3+ 64. Kh1 Qe1+ 65. Kg2 Qe3 66. Qd7 Qe4+ 67. Kg1 Kg6 68. Qd8 h3 69. Qb6+ Kh5 70. Qb2 g4 71. d5 Qe3+ 72. Kh2 Kg6 73. Qb1+ Kf6 74. Qf1+ Kg5 75. d6 Qd2+ 76. Kh1 Qd5+ 77. Kg1 Qxd6 78. Qf2 Qd1+ 79. Kh2 Qf3 80. Qc2 Qf4+ 81. Kg1 Qg3+ 82. Kh1 Qe3 83. Qb2 Kf4 84. Qb8+ Qe5 85. Qf8+ Ke4 86. Qf2 Qd5 87. Kh2 Qd6+ 88. Kh1 Qc6 89. Qf1 Qc3 90. Kh2 Qd2+ 91. Kg3 Qd3+ 92. Qxd3+ Kxd3 93. Kh2 Ke4 94. Kg3 Kf5 95. Kh2 Kf4 96. Kh1 g3 97. Kg1 Ke3 98. Kh1 g2+ 99. Kg1 Ke2 100. Kh2 Kf2 101. Kxh3 g1=Q 102. Kh4 Qg6 103. Kh3 Qh5#) 54. Kh2 Qf2+ {Black mates.} 55. Kh1 Qf3+ 56. Kh2 h3 57. Qxh3+ Qxh3+ 58. Kxh3 {KPP-KPP} Kg5 59. Kg3 Kf5 60. Kf3 g5 {[%cal Bg6g5,Bg5g4,Bg4g3][%mdl 32]} 61. Kg3 g4 62. Kg2 Kf4 63. Kf2 g3+ 64. Kg2 Kg4 65. c4 dxc4 66. d5 c3 67. d6 c2 68. d7 c1=Q 69. d8=Q Qc2+ 70. Kf1 Qf2# {Precision: White = 44%, Black = 65%.} 0-1

[Event "American Continental-ch 2018"]
[Site "Montevideo"]
[Date "2018.06.09"]
[Round "10"]
[White "Carbone, Diego"]
[Black "Thavandiran, Shiyam"]
[Result "1/2-1/2"]
[WhiteElo "2242"]
[BlackElo "2417"]
[Annotator "TA"]
[PlyCount "90"]
[EventDate "2018.??.??"]
[EventType "swiss"]
[EventCountry "URU"]
[SourceTitle "playchess.com"]
[Source "ChessBase"]
[SourceQuality "1"]

{[%evp 25,90,55,37,24,39,29,34,10,22,8,38,40,42,29,160,181,186,192,193,191,188,105,123,110,110,106,116,114,123,86,95,91,94,93,102,63,61,27,35,20,24,0,63,57,160,47,120,120,125,131,122,0,0,0,12,12,12,12,11,9,7,0,0,0,8,0,0]} 1. Nf3 Nf6 2. c4 c5 3. g3 e6 4. Bg2 a6 5. Nc3 Qc7 6. O-O d6 7. d4 cxd4 8. Nxd4 Be7 9. b3 Bd7 10. Bb2 Nc6 11. Rc1 Nxd4 12. Qxd4 O-O 13. Rfd1 Rfd8 {LiveBook: 85 Partien} 14. b4 {A33: Englische Eröffnung (Symmetrische Variante)} (14. h3 Rac8 15. Qa7 b5 16. Qxa6 bxc4 17. bxc4 Qxc4 18. Qa3 Qc5 19. Nd5 Qxa3 20. Nxe7+ Kf8 21. Bxa3 Rxc1 22. Ng6+ hxg6 23. Bxd6+ {½-½ (52) Le,Q (2693)-Amin,B (2643) Istanbul 2012}) 14... Rac8 15. b5 Qb8 16. Ba3 $146 {Weiß steht etwas besser.} ({Vorgänger:} 16. a4 Be8 17. Ba3 Bf8 18. Bb4 axb5 19. axb5 Nd7 20. Bxd6 Bxd6 21. Qxd6 Qxd6 22. Rxd6 Rxc4 23. Bxb7 {1-0 (41) Donchenko,A (2449)-Simantsev,M (2479) Marianske Lazne 2014}) 16... axb5 17. cxb5 {[%cal Ra3d6]} Be8 18. Bb4 b6 19. a4 $36 {[%cal Ba2a4,Ba4a5,Ba5a6][%mdl 2080] Weiss drückt.} Rc7 (19... Rd7 $11) 20. a5 $16 d5 21. Bxe7 Rxe7 22. a6 $1 (22. Qxb6 $6 Rb7 $14) 22... Rc7 23. Ra1 (23. e4 $18) 23... Rdc8 24. Ra3 $1 Rc4 25. Qd3 Qa7 26. e3 h6 27. h3 Nd7 28. Qd2 R4c5 29. f4 $1 Nf6 {[%cal Bd7f6,Bf6e8,Be8d6][%mdl 32]} 30. Rb1 Bd7 31. Rb2 Ne8 32. Bf1 Nd6 33. Bd3 R8c7 (33... Qc7 $11 34. Rc2 Bxb5 35. Bxb5 Ne4) 34. Rab3 $14 Qa8 (34... Rc8 $14) 35. Ra2 ({Weiss kommt nicht vorbei an} 35. Na4 $1 $16 {[%cal Ra4b6]} Rc1+ 36. Kh2) 35... f6 (35... Nc4 $14 36. Bxc4 Rxc4) 36. Na4 $16 {[%cal Bc3a4,Ba4b6,Bb6a8][%mdl 32]} Rc1+ 37. Kh2 $1 d4 {[%csl Ga8][%cal Rc1h1]} 38. e4 (38. Qg2 $16 Qxg2+ 39. Rxg2) 38... Bxb5 $1 $11 {Die Stellung ist ausgeglichen.} 39. Nxb6 Bxd3 40. Nxa8 Bxe4 {[%csl Ge4][%cal Rc1h1]} 41. g4 $1 (41. Rb8+ Kf7 $17) 41... Rh1+ $1 42. Kg3 Rg1+ $1 43. Kh2 (43. Kh4 g5+ 44. Kh5 {[#]} Kh7 $3 {[%mdl 512]} 45. fxg5 (45. f5 $2 Ne8 46. Qxg5 hxg5 47. Nxc7 Ng7#) 45... Bg6+ 46. Kh4 Nf5+ $1 {[%mdl 512]} 47. gxf5 hxg5+ 48. Qxg5 fxg5#) 43... Rh1+ 44. Kg3 Rg1+ $1 45. Kh2 ({Vergiftet wäre} 45. Kh4 $2 g5+ 46. fxg5 (46. Kh5 {führt zum Matt.} Kh7 47. Qc2 Rxc2 48. Rb7+ Nxb7 49. f5 Rxa2 50. Nc7 Rh1 51. axb7 Rxh3#) 46... hxg5+ 47. Qxg5+ fxg5+ $19) 45... Rh1+ {Precision: Weiß = 47%, Schwarz = 44%.} 1/2-1/2